Finance and Development, September 1968.

This paper describes development of the agriculture sector in Northwest Mexico. The paper highlights that owing to the projects in the river valleys of the northwest and others throughout the country, Mexico grows enough to feed itself and to export in substantial quantity. A third of the crops are...

תיאור מלא

מידע ביבליוגרפי
מחבר תאגידי: International Monetary Fund. External Relations Dept
פורמט: כתב-עת
שפה:English
יצא לאור: Washington, D.C. : International Monetary Fund, 1968.
סדרה:Finance and Development; Finance and Development ; No. 0005/003
גישה מקוונת:Full text available on IMF
LEADER 01576cas a2200229 a 4500
001 AALejournalIMF011516
008 230101c9999 xx r poo 0 0eng d
020 |z 9781616352912 
022 |a 0145-1707 
040 |a BD-DhAAL  |c BD-DhAAL 
110 2 |a International Monetary Fund.  |b External Relations Dept. 
245 1 0 |a Finance and Development, September 1968. 
264 1 |a Washington, D.C. :  |b International Monetary Fund,  |c 1968. 
300 |a 1 online resource (60 pages) 
490 1 |a Finance and Development 
500 |a <strong>Off-Campus Access:</strong> No User ID or Password Required 
500 |a <strong>On-Campus Access:</strong> No User ID or Password Required 
506 |a Electronic access restricted to authorized BRAC University faculty, staff and students 
520 3 |a This paper describes development of the agriculture sector in Northwest Mexico. The paper highlights that owing to the projects in the river valleys of the northwest and others throughout the country, Mexico grows enough to feed itself and to export in substantial quantity. A third of the crops are produced on the 13 percent of cultivable area now under irrigation. The engineers of Hydraulic Resources are proud of their achievements; they have the visual evidence and the statistics to prove the importance of their contribution to Mexico. 
538 |a Mode of access: Internet 
830 0 |a Finance and Development; Finance and Development ;  |v No. 0005/003 
856 4 0 |z Full text available on IMF  |u http://elibrary.imf.org/view/journals/022/0005/003/022.0005.issue-003-en.xml  |z IMF e-Library